Detalles MARC
| 000 -LEADER |
| campo de control de longitud fija |
06813cam a22007094i 4500 |
| 003 - IDENTIFICADOR DE NÚMERO DE CONTROL |
| campo de control |
PE-LiUPU |
| 005 - FECHA Y HORA DE LA ÚLTIMA TRANSACCIÓN |
| campo de control |
20250731175635.0 |
| 008 - DATOS DE LONGITUD FIJA--INFORMACIÓN GENERAL |
| campo de control de longitud fija |
150706s2000 sp a r 000 0 spa d |
| 020 ## - NÚMERO INTERNACIONAL ESTÁNDAR DEL LIBRO |
| Número Internacional Estándar del Libro |
8428325707 |
| 020 ## - NÚMERO INTERNACIONAL ESTÁNDAR DEL LIBRO |
| Número Internacional Estándar del Libro |
9788428325707 |
| 035 ## - NÚMERO DE CONTROL DEL SISTEMA |
| Número de control de sistema |
(Sirsi) i9788428325707 |
| 040 ## - FUENTE DE CATALOGACIÓN |
| Centro catalogador/agencia de origen |
PE-LiUPU |
| Lengua de catalogación |
spa |
| Centro/agencia transcriptor |
PE-LiUPU |
| Centro/agencia modificador |
PE-LiUPU |
| Normas de descripción |
rda |
| 049 ## - FONDOS LOCALES (OCLC) |
| Biblioteca depositaria |
PRUA |
| 082 04 - NÚMERO DE LA CLASIFICACIÓN DECIMAL DEWEY |
| Número de clasificación |
468.2 |
| Cutter |
M26 2000 |
| Número de edición |
21 |
| 082 04 - NÚMERO DE LA CLASIFICACIÓN DECIMAL DEWEY |
| Número de clasificación |
468 |
| Cutter |
M26 2000 |
| Número de edición |
21 |
| 100 1# - ENTRADA PRINCIPAL--NOMBRE DE PERSONA |
| Nombre de persona |
Martín Vivaldi, Gonzalo, |
| Término indicativo de función/relación |
autor. |
| 245 10 - MENCIÓN DEL TÍTULO |
| Título |
Curso de redacción : |
| Resto del título |
teoría y práctica de la composición y del estilo / |
| Mención de responsabilidad, etc. |
Gonzalo Martín Vivaldi ; edición actualizada por Arsenio Sánchez Pérez. |
| 250 ## - MENCION DE EDICION |
| Mención de edición |
33a edición. |
| 264 #1 - PRODUCCIÓN, PUBLICACIÓN, DISTRIBUCIÓN, FABRICACIÓN Y COPYRIGHT |
| Producción, publicación, distribución, fabricación y copyright |
Madrid : |
| Nombre del de productor, editor, distribuidor, fabricante |
Paraninfo, |
| Fecha de producción, publicación, distribución, fabricación o copyright |
2000. |
| 300 ## - DESCRIPCIÓN FÍSICA |
| Extensión |
539 páginas : |
| Otras características físicas |
ilustraciones ; |
| Dimensiones |
24 centímetros |
| 336 ## - TIPO DE CONTENIDO |
| Término de tipo de contenido |
text |
| Fuente |
rdacontent |
| 337 ## - TIPO DE MEDIO |
| Nombre/término del tipo de medio |
unmediated |
| Fuente |
rdamedia |
| 338 ## - TIPO DE SOPORTE |
| Nombre/término del tipo de soporte |
volume |
| Fuente |
rdacarrier |
| 505 0# - NOTA DE CONTENIDO CON FORMATO |
| Nota de contenido con formato |
Cuestiones gramaticales -- La puntuación: las reglas y el temperamento -- La coma -- El punto y coma -- Ejercicios -- La puntuación (conclusión) -- El punto -- Los dos puntos -- Los puntos suspensivos -- Los signos de interrogación y admiración -- Guiones y paréntesis -- Las comillas -- Posibilidad de crear nuevos signos de puntuación -- Ejercicios -- Claridad y orden -- Elementos de la oración o frase -- Oración y sintagma -- El predicado: sus clases -- El enunciado: frase, período y cláusula -- La frase inarticulada y la frase nominal -- La frase larga y el período -- Ejercicios -- Elementos modificadores y frases modificadoras -- Su importancia en la puntuación de la frase -- Elementos modificadores -- Frases modificadoras -- Ejercicios -- Precisión en el empleo del lenguaje -- Uso y abuso de las palabras "cosa", "algo", "esto" y "eso" -- La palabra "cosa" -- La palabra "algo" -- Los pronombres demostrativos "esto" y "eso" -- Ejercicios -- La elegancia en el lenguaje y el arte de escribir -- La construcción de la frase y la armonía -- La armonía, cualidad esencial del arte de escribir -- Vicios: cacofonía, monotonía, repeticiones, asonancias y consonancias -- Ejercicios -- El arte de escribir y las técnicas -- La técnica ayuda, pero no basta -- La descripción y su técnica I -- Principios generales -- Mecanismo de la descripción -- Tiempo de la descripción -- Ejercicios -- La descripción y su técnica II -- Cualidades de la descripción -- Descripciones diversas según su sujeto individual -- Diferentes tipos de descripción de un conjunto -- Reglas del estilo descriptivo -- Ejercicios -- La información y la noticia -- La noticia -- La noticia y sus elementos -- Orden informativo: la pirámide invertida -- Valoración -- Límites del orden descendente -- La "encabezaditis" -- La entradilla o "lead" -- Condiciones de la noticia -- Observaciones prácticas -- Ejercicios -- El reportaje -- El reportaje, el gran reportaje y la novela -- Ejercicios -- El comentario -- Técnica del comentario -- Qué es comentar -- Ejemplos comentados -- Ejercicios -- Condiciones del comentarista -- El comentarista -- Lenguaje y estilo -- Ejemplo comentado -- Ejercicios -- La narración y su técnica -- Esquema de la narración -- Qué es narrar -- Leyes de la narración -- El interés humano -- Cómo se gana la atención del lector -- Verdad y verosimilitud en la narración -- Notas complementarias sobre la verosimilitud -- Ejercicios -- Elementos de la narración -- El narrador -- Los tipos -- Opiniones de Ortega, Mauriac y Baroja -- El diálogo -- La acción -- El ambiente -- Tres tipos de relato literario -- Ejercicios. |
| 526 ## - NOTA DE INFORMACIÓN SOBRE EL PROGRAMA DE ESTUDIO |
| Nombre del programa |
Comunicación Y Periodismo |
| 526 ## - NOTA DE INFORMACIÓN SOBRE EL PROGRAMA DE ESTUDIO |
| Nombre del programa |
Educación, Especialidad Inglés Y Español (A Distancia) |
| 526 ## - NOTA DE INFORMACIÓN SOBRE EL PROGRAMA DE ESTUDIO |
| Nombre del programa |
Educación, Especialidad Inglés Y Español |
| 526 ## - NOTA DE INFORMACIÓN SOBRE EL PROGRAMA DE ESTUDIO |
| Nombre del programa |
Teología |
| 526 ## - NOTA DE INFORMACIÓN SOBRE EL PROGRAMA DE ESTUDIO |
| Nombre del programa |
Educación secundaria, especialidad lingüística e inglés |
| 526 ## - NOTA DE INFORMACIÓN SOBRE EL PROGRAMA DE ESTUDIO |
| Nombre del programa |
Ciencias de la comunicación |
| 541 ## - NOTA DE FUENTE DE ADQUISICIÓN DIRECTA |
| -- |
0014-013117; |
| 541 ## - NOTA DE FUENTE DE ADQUISICIÓN DIRECTA |
| -- |
017921; |
| 541 ## - NOTA DE FUENTE DE ADQUISICIÓN DIRECTA |
| -- |
017921; |
| 541 ## - NOTA DE FUENTE DE ADQUISICIÓN DIRECTA |
| -- |
015-0011205; |
| 541 ## - NOTA DE FUENTE DE ADQUISICIÓN DIRECTA |
| -- |
045-0004362; |
| 541 ## - NOTA DE FUENTE DE ADQUISICIÓN DIRECTA |
| -- |
030-0013374; |
| 541 ## - NOTA DE FUENTE DE ADQUISICIÓN DIRECTA |
| -- |
001-00003175; |
| 596 ## - |
| -- |
1 3 |
| 650 04 - PUNTO DE ACCESO ADICIONAL DE MATERIA--TÉRMINO DE MATERIA |
| Término de materia o nombre geográfico como elemento de entrada |
Español |
| Subdivisión general |
Composición y ejercicios. |
| 650 04 - PUNTO DE ACCESO ADICIONAL DE MATERIA--TÉRMINO DE MATERIA |
| Término de materia o nombre geográfico como elemento de entrada |
Español |
| Subdivisión de forma |
Ejercicios de redacción. |
| 650 04 - PUNTO DE ACCESO ADICIONAL DE MATERIA--TÉRMINO DE MATERIA |
| Término de materia o nombre geográfico como elemento de entrada |
Redacción |
| Subdivisión general |
Estudio y enseñanza. |
| 650 04 - PUNTO DE ACCESO ADICIONAL DE MATERIA--TÉRMINO DE MATERIA |
| Término de materia o nombre geográfico como elemento de entrada |
Comunicación escrita |
| Subdivisión general |
Estudio y enseñanza. |
| 910 ## - DATOS DE OPCIÓN DEL USUARIO (OCLC) |
| Datos de opción del usuario |
gl |
| -- |
jv |
| -- |
lch |
| -- |
20100304 |
| 910 ## - DATOS DE OPCIÓN DEL USUARIO (OCLC) |
| -- |
tqv |
| -- |
aic |
| -- |
20170118 |
| 910 ## - DATOS DE OPCIÓN DEL USUARIO (OCLC) |
| Datos de opción del usuario |
dbm |
| -- |
ncf |
| -- |
ncf |
| -- |
20190619 |
| 942 ## - ELEMENTOS DE ENTRADA SECUNDARIOS (KOHA) |
| Fuente del sistema de clasificación o colocación |
Clasificación Decimal Dewey |
| Tipo de ítem Koha |
|
| 949 ## - PROCESAMIENTO DE INFORMACIÓN LOCAL (OCLC) |
| a |
468.2 M26 2000 |
| w |
DEWEY |
| c |
1 |
| i |
51417 |
| l |
CCODEBUL1 |
| m |
BUL |
| p |
22.00 |
| r |
0 |
| s |
Y |
| t |
BOOK |
| u |
2015-7-6 |
| x |
FCE |
| z |
UNKNOWN |
| o |
.STAFF. Colección General |
| 949 ## - PROCESAMIENTO DE INFORMACIÓN LOCAL (OCLC) |
| a |
468.2 M26 2000 |
| w |
DEWEY |
| c |
2 |
| i |
54994 |
| l |
CCODEBUL1 |
| m |
BUL |
| p |
39.00 |
| r |
0 |
| s |
Y |
| t |
BOOK |
| u |
2015-7-6 |
| x |
FCE |
| z |
UNKNOWN |
| o |
.STAFF. Colección General |
| 949 ## - PROCESAMIENTO DE INFORMACIÓN LOCAL (OCLC) |
| a |
468.2 M26 2000 |
| w |
DEWEY |
| c |
3 |
| i |
55265 |
| l |
CCODEBUL1 |
| m |
BUL |
| p |
39.00 |
| r |
0 |
| s |
Y |
| t |
BOOK |
| u |
2015-7-6 |
| x |
FCE |
| z |
UNKNOWN |
| o |
.STAFF. Colección Ciencias Empresariales |
| 949 ## - PROCESAMIENTO DE INFORMACIÓN LOCAL (OCLC) |
| a |
468.2 M26 2000 |
| w |
DEWEY |
| c |
4 |
| i |
61232 |
| l |
CCODEBUL1 |
| m |
BUL |
| p |
52.00 |
| r |
0 |
| s |
Y |
| t |
BOOK |
| u |
2015-7-6 |
| x |
FCE |
| z |
AGB |
| o |
.STAFF. Colección General |
| 949 ## - PROCESAMIENTO DE INFORMACIÓN LOCAL (OCLC) |
| a |
468.2 M26 2000 |
| w |
DEWEY |
| c |
5 |
| i |
65825 |
| l |
CCODEBUL1 |
| m |
BUL |
| p |
50.00 |
| r |
0 |
| s |
Y |
| t |
BOOK |
| u |
2015-7-6 |
| x |
FCE |
| z |
AGB |
| o |
.STAFF. Colección General |
| 949 ## - PROCESAMIENTO DE INFORMACIÓN LOCAL (OCLC) |
| a |
468.2 M26 2000 |
| w |
DEWEY |
| c |
6 |
| i |
65850 |
| l |
CCODEBUL1 |
| m |
BUL |
| r |
0 |
| s |
Y |
| t |
BOOK |
| u |
2015-7-6 |
| x |
FCE |
| -- |
P04 |
| o |
.STAFF. Colección General |
| 949 ## - PROCESAMIENTO DE INFORMACIÓN LOCAL (OCLC) |
| a |
468 V77 2000 |
| w |
DEWEY |
| c |
1 |
| i |
FJ05548 |
| l |
CCODEBUJ1 |
| m |
BUJ |
| p |
44.00 |
| r |
0 |
| s |
Y |
| t |
BOOK |
| u |
2017-01-18 |
| x |
FCE |
| -- |
P04 |
| 0 |
COMPRA |
| o |
.STAFF. Colección General Juliaca |
| 994 ## - |
| -- |
C0 |
| -- |
PEPRU |
| 999 ## - NÚMEROS DE CONTROL DE SISTEMA (KOHA) |
| -- |
DEWEY |
| -- |
51417 |
| -- |
2019-12-10 |
| -- |
5 |
| -- |
DISCARD |
| -- |
BUL |
| -- |
22.00 |
| -- |
1 |
| -- |
Y |
| -- |
BOOK |
| -- |
2015-7-6 |
| -- |
FCE |
| -- |
UNKNOWN |
| -- |
.STAFF. Colección General |
| 999 ## - NÚMEROS DE CONTROL DE SISTEMA (KOHA) |
| -- |
DEWEY |
| -- |
54994 |
| -- |
2019-12-10 |
| -- |
5 |
| -- |
DISCARD |
| -- |
BUL |
| -- |
39.00 |
| -- |
1 |
| -- |
Y |
| -- |
BOOK |
| -- |
2015-7-6 |
| -- |
FCE |
| -- |
UNKNOWN |
| -- |
.STAFF. Colección General |
| 999 ## - NÚMEROS DE CONTROL DE SISTEMA (KOHA) |
| -- |
DEWEY |
| -- |
55265 |
| -- |
2016-8-22 |
| -- |
2021-11-8 |
| -- |
7 |
| -- |
CCODEBUL1 |
| -- |
BUL |
| -- |
2 |
| -- |
39.00 |
| -- |
1 |
| -- |
0 |
| -- |
Y |
| -- |
BOOK |
| -- |
2015-7-6 |
| -- |
EDUCACION |
| -- |
P04 |
| -- |
COMPRA |
| -- |
.STAFF. Colección Ciencias Empresariales |
| 999 ## - NÚMEROS DE CONTROL DE SISTEMA (KOHA) |
| -- |
DEWEY |
| -- |
61232 |
| -- |
2021-11-8 |
| -- |
6 |
| -- |
CCODEBUL1 |
| -- |
BUL |
| -- |
52.00 |
| -- |
0 |
| -- |
N |
| -- |
BOOK |
| -- |
2015-7-6 |
| -- |
EDUCACION |
| -- |
AGB |
| -- |
.STAFF. Colección General |
| 999 ## - NÚMEROS DE CONTROL DE SISTEMA (KOHA) |
| -- |
DEWEY |
| -- |
65825 |
| -- |
2021-11-8 |
| -- |
6 |
| -- |
CCODEBUL1 |
| -- |
BUL |
| -- |
50.00 |
| -- |
1 |
| -- |
0 |
| -- |
N |
| -- |
BOOK |
| -- |
2015-7-6 |
| -- |
EDUCACION |
| -- |
AGB |
| -- |
.STAFF. Colección General |
| 999 ## - NÚMEROS DE CONTROL DE SISTEMA (KOHA) |
| -- |
DEWEY |
| -- |
65850 |
| -- |
2016-3-28 |
| -- |
2021-11-8 |
| -- |
6 |
| -- |
CCODEBUL1 |
| -- |
BUL |
| -- |
2 |
| -- |
50.00 |
| -- |
0 |
| -- |
Y |
| -- |
BOOK |
| -- |
2015-7-6 |
| -- |
EDUCACION |
| -- |
P04 |
| -- |
.STAFF. Colección General |
| 999 ## - NÚMEROS DE CONTROL DE SISTEMA (KOHA) |
| -- |
DEWEY |
| -- |
FJ05548 |
| -- |
2019-3-8 |
| -- |
2022-1-19 |
| -- |
4 |
| -- |
CCODEBUJ1 |
| -- |
BUJ |
| -- |
2 |
| -- |
44.00 |
| -- |
3 |
| -- |
0 |
| -- |
Y |
| -- |
BOOK |
| -- |
2018-1-11 |
| -- |
FCE |
| -- |
P04 |
| -- |
COMPRA |
| -- |
.STAFF. Colección General Juliaca |
| 980 ## - EQUIVALENCIA O REFERENCIA-CRUZADA-MENCIÓN DE SERIE--NOMBRE DE PERSONA/TÍTULO [LOCAL, CANADÁ] |
| ID del último usuario que modificó el registro |
1 |
| Nombre del último usuario que modificó el registro |
ALBERTO SANCHEZ Responsable de Automatización |